003930000a2200085000450024501230000004100140012370000280013710000360016577301060020110aNueva especie de Atelopus A.M.C. Dumeril 'cia' Bibron 1841 () de la Cordillera Central colombiana0 aEspañol1 aRuiz Carranza, Pedro M.1 aArdila Robayo, María Cristina1 tRevista de la Academia Colombiana de Ciencias Exactas, Fisicas y Naturales332h83q281-285d1998g22